Travaux de W. Radloff relatifs à la langue mandchoue

Elmentve itt :
Bibliográfiai részletek
Szerző: Kotwicz Wladyslaw
További közreműködők: Radlov Vasilij Vasil'evič
Dokumentumtípus: Cikk
Megjelent: Nakładem Polskiego Tow. Orjentalistycznego Lwów 1938
Sorozat:Rocznik Orjentalistyczny
Kulcsszavak:Mandzsu nyelvészet - kutatástörténet - 19. sz.
Tárgyszavak:
Online Access:http://misc.bibl.u-szeged.hu/62868
LEADER 00878nab a2200241 i 4500
001 misc62868
005 20221017130131.0
008 220519s1938 hu o 0|| fre d
040 |a SZTE Miscellanea Repozitórium  |b hun 
041 |a fre 
100 1 |a Kotwicz Wladyslaw 
245 1 0 |a Travaux de W. Radloff relatifs à la langue mandchoue  |h [elektronikus dokumentum] /  |c  Kotwicz Wladyslaw 
260 |a Nakładem Polskiego Tow. Orjentalistycznego  |b Lwów  |c 1938 
300 |a 103-112  |c 22 cm 
300 |a [10] p.  |c 22 cm 
490 0 |a Rocznik Orjentalistyczny 
561 |a Németh Gyula hagyaték 
591 |a NOA 2910 
650 4 |a Bölcsészettudományok 
650 4 |a Nyelvek és irodalom 
695 |a Mandzsu nyelvészet - kutatástörténet - 19. sz. 
700 0 1 |a Radlov Vasilij Vasil'evič 
856 4 0 |u http://misc.bibl.u-szeged.hu/62868/1/2910_noa_k75.pdf  |z Dokumentum-elérés